000 00700nam a2200217Ia 4500
003 GCL
008 140319s9999 xx 000 0 ara d
040 _aGCL /
_cGCL
082 0 4 _a327.620531
_bن ق
100 1 _aنوال عبدالعزيز مهدى
245 1 0 _aقراءة فى: العلاقات المصرية السعودية من 1936 حتى 1946م /
_cنوال عبدالعزيز مهدى
260 _a[S.N] :
_bمكتبة السلام العالمية ،
_c1985
300 _a108 ص
490 _a
650 0 4 _aالعصر الحديث
650 0 4 _aمصر
650 0 4 _aتاريخ
650 0 4 _aالسعودية
650 0 4 _aالعلاقات الخارجية
942 _2ddc
_cBK
999 _c32673
_d32673